La interdisciplinariedad y el realismo constructivo

Guardat en:
Dades bibliogràfiques
Autors principals: Wallner, Fritz (Autor), Durnwalder, Kurt (Autor), Peschl, M. F (Autor)
Format: Llibre
Idioma:espanyol
Publicat: Salta Biblioteca de Textos Universitarios 1991
Col·lecció:Cuadernos Universitarios
Matèries:
Etiquetes: Afegir etiqueta
Sense etiquetes, Sigues el primer a etiquetar aquest registre!

MARC

LEADER 00000nam a2200000 a 4500
001 UCZ2947
003 CL-VaPUC
008 951013e19910000AG |||||||||||||||||spa|d
082 0 4 |a 142.7  |b WAL  |2 21 
100 0 |a Wallner, Fritz  |e author  |9 346774 
700 0 |a Durnwalder, Kurt  |e author  |9 346775 
700 0 |a Peschl, M. F  |e author  |9 346776 
245 1 3 |a La interdisciplinariedad y el realismo constructivo 
300 |a 52 p 
942 |c BK 
945 |d 19951013 00:00:00  |a cmena 
260 |a Salta  |b Biblioteca de Textos Universitarios  |c 1991 
650 0 |a Fenomenología  |9 256519 
650 0 |a Realismo  |9 259117 
650 0 |a Empirismo  |9 255037 
650 0 |a Ciencia  |9 255691 
650 0 |a Filosofía de las ciencias  |9 256466 
583 |a last modification  |c 19951013 00:00:00  |k Rodrigo Vera 
490 0 |a Cuadernos Universitarios 
999 |c 239478  |d 239476 
952 |0 0  |1 0  |4 0  |6 142_700000000000000_WAL_1991  |7 0  |8 A  |9 250650  |a BIBEDU  |b BIBEDU  |d 2019-11-18  |i 1570277  |o 142.7 WAL 1991  |p 1570277  |r 2019-11-18  |w 2019-11-18  |y BK  |k FIL